Jawaharlal Nehru seventy years (Record no. 370271)

000 -LEADER
fixed length control field 00383cam a22001217a 4500
008 - FIXED-LENGTH DATA ELEMENTS--GENERAL INFORMATION
fixed length control field 180718b1959 xxu||||| |||| 00| 0 eng d
082 ## - DEWEY DECIMAL CLASSIFICATION NUMBER
Classification number A99 N315/In2
245 ## - TITLE STATEMENT
Title Jawaharlal Nehru seventy years
Statement of responsibility, etc. by Indo Soviet Cultural Society
260 ## - PUBLICATION, DISTRIBUTION, ETC.
Place of publication, distribution, etc. Bombay
Name of publisher, distributor, etc. Indo-Soviet Cultural Society
Date of publication, distribution, etc. 1959
300 ## - PHYSICAL DESCRIPTION
Extent 59p.
650 ## - SUBJECT ADDED ENTRY--TOPICAL TERM
Topical term or geographic name entry element Nehru, Jawaharlal, 1889
700 ## - ADDED ENTRY--PERSONAL NAME
Personal name Indo-Soviet Cultural Society
Holdings
Withdrawn status Lost status Damaged status Not for loan Permanent Location Current Location Date acquired Full call number Barcode Date last seen Price effective from Koha item type
        Indian Institute of Public Administration Indian Institute of Public Administration 1994-06-04 A99 N315/In2 20456 2018-07-21 2018-07-21 Book

Powered by Koha